[Event "NED-ch53"]
[Site "Rotterdam"]
[Date "1998.07.01"]
[Round "9"]
[White "Van der Sterren, Paul"]
[Black "Timman, Jan H"]
[Result "0-1"]
[WhiteElo "2550"]
[BlackElo "2635"]
[Annotator "Ribli,Z"]
[PlyCount "84"]
[EventDate "1998.06.21"]
[EventType "tourn"]
[EventRounds "11"]
[EventCountry "NED"]
[EventCategory "12"]
[SourceTitle "CBM 066"]
[Source "ChessBase"]
[SourceDate "1998.09.30"]
[SourceVersion "1"]
[SourceVersionDate "1998.09.30"]
[SourceQuality "1"]

1. Nf3 c5 2. c4 Nc6 3. Nc3 Nd4 {Dieser auf der ersten Blick etwas
überraschende Springerzug ist in letzter Zeit in Mode. Schwarz vermeidet die
theoretische Hauptfortsetzungen und möchte eine originelle Partie spielen.
Ribli.} 4. g3 $5 {Dieser Zug bietet dem Weißen wohl mehr Chancen als seine
Alternativen 4.e3 oder 4.Ng1.} Nxf3+ 5. exf3 {Weiß beabsichtigt in dieser
Variante, eine Druckstellung über die halboffenen e- und d-Linien aufzubauen.}
Nf6 (5... g6 6. d4 Bg7 7. Be3 Nh6 8. Qd2 Nf5 9. dxc5 Nxe3 10. Qxe3 Qa5 11. Be2
O-O 12. O-O e6 13. a3 f5 14. f4 $14 {Szalanczy,E-Vadasz,L/Kecskemet 1993/1/2-1/
2 (44)}) (5... b6 6. d4 cxd4 7. Qxd4 Bb7 8. Bg2 Nf6 9. O-O e6 10. Ne4 $1 Nxe4
11. fxe4 f6 12. Qd1 Bc5 13. Qh5+ g6 14. Qh6 Kf7 15. Rd1 Bc6 16. b3 Qf8 17. Qd2
Qe7 18. e5 $1 $36 {1-0 Ribli,Z-Ivanisevic,I/Maroczy GM Szeged, Hungary 1997 
(49)}) 6. d4 cxd4 (6... e6 7. Bg2 d5 8. cxd5 Nxd5 9. O-O (9. Nxd5 exd5 10. O-O
c4 11. f4 Be7 12. Qf3 O-O 13. Qxd5 Qc7 14. f5 Rd8 15. Qe4 Bf6 16. Rd1 Qb6 17.
g4 Bd7 18. g5 Ba4 19. Be3 Bxd1 20. Rxd1 Re8 21. Qxb7 Qxb7 22. Bxb7 Rab8 23. Bd5
Rxe3 24. fxe3 Bxg5 {1/2-1/2 Kramnik,V-Anand,V/Chess Classic Giants m 1st 2nd,
Frankfu 1998 (32)}) 9... Nxc3 10. bxc3 Bd6 11. f4 O-O 12. c4 Qb6 13. Be3 Rb8
14. dxc5 Bxc5 15. Rb1 Qc7 16. Bxc5 Qxc5 17. Qa4 a6 18. Rfd1 $14 {Time 1-0
Ribli,Z-Wells,P/AUT9798 1998 (36)}) 7. Qxd4 g6 8. Bg2 Bg7 9. O-O O-O 10. f4 $14
{[%cal Gg2a8] Weiß hat Raumvorteil und entfaltet Druck über die Mitte, während
der Schwarze Probleme hat, seinen Damenflügel zu entwickeln.} (10. Bg5 d6 11.
Qd2 Be6 12. Nd5 Nxd5 13. cxd5 Bf5 14. Rfe1 Re8 15. Rac1 a5 16. Re2 a4 17. Rce1
Bf8 {1/2-1/2 Pitam,E-Peptan,C/WchJW-U18 Guarapuava 1995 (40)}) 10... d6 {
[%csl Rc8,Gg2]} 11. Bd2 (11. Be3 Ng4 12. Qd2 Nxe3 13. Qxe3 $14 {[%csl Gg7]
[%cal Gg7a1] Schwarz besitzt das Läuferpaar, aber ich denke, der weiße
Raumvorteil ist bedeutender.}) (11. Qd2 $5) (11. b3 Ne4 {Ein bekanntes Motiv
in solchen Stellungen.} 12. Qxe4 Bxc3 13. Rb1 Bf5 $17 {[%csl Rb1,Gc3,Re4,Gf5]})
11... a6 12. Rac1 (12. Qd3 Rb8 (12... Bf5 13. Qe2 $14)) (12. a4 $6 Nd7 {
[%csl Yb3][%cal Gd7c5,Rg7d4]}) 12... Rb8 {Schwarz bereitet den Zug 13...b5 vor.
} 13. a4 Be6 $11 {[%csl Gc4] Schwarz hat eine feste Stellung ohne Schwächen.
Weiß kontrolliert das Brett, aber wenn Schwarz das überlebt, kann er die
weißen Schwächen am Damenflügel unter Beschuß nehmen.} 14. Qd3 Nd7 {[%csl Ge6,
Gg7][%cal Gd7c5]} 15. b4 $6 {Mit diesem aggressiven Zug verhindert Weiß 15...
Nc5, schwächt aber gleichzeitig seinen Damenflügel.} (15. b3 Nc5 16. Qb1 $11
Qb6 17. b4 Bxc3 18. Bxc3 Nxa4 19. Ba1 $44 {[%csl Ga1,Ra4][%cal Ga1h8]}) 15...
a5 $1 {Mit diesem Zug übernimmt Schwarz die Initiative am Damenflügel.} 16. Nb5
(16. bxa5 Nc5 17. Qe2 Nb3 (17... Qxa5 18. Nd5 Qd8 $15) 18. Rcd1 Nxd2 19. Qxd2
Bxc4 20. Rfe1 Qxa5 $17 21. Nd5 $6 Qxd2 22. Nxe7+ Kh8 23. Rxd2 Bc3) (16. b5 Nc5
$17 {[%csl Gc5,Rd3,Ge6,Gg7]}) 16... axb4 17. Bxb4 Nc5 $15 {[%csl Gc5]} 18. Qa3
$6 {Ich denke, Weiß sollte die Stellung vereinfachen.} (18. Bxc5 dxc5 19. Qxd8
Rfxd8 20. Nc7 $15) 18... Na6 19. Bd2 Qd7 20. Rfe1 Rfc8 $36 {[%csl Rc4][%cal
Rc8c4,Re6c4] Schwarz hat auf c4 ein konkretes Angriffsobjekt.} 21. Bd5 Bxd5 22.
cxd5 Rxc1 23. Bxc1 (23. Rxc1 Qf5 $17 {[%csl Rd5,Gf5][%cal Gg7a1]}) 23... Nc5 {
[%csl Gc5,Gg7]} 24. Be3 Rc8 25. Na7 $6 {Ein nur scheinbar aktiver zug. Der
Springer befindet sich in Wirklichkeit in Not.} (25. Rc1 b6 $17 {[%csl Ra4,Gc5]
[%cal Gc8a8,Ga8a3]} (25... Qf5 26. Bxc5 dxc5 27. Rxc5 Qb1+ 28. Kg2 Qe4+ $11))
25... Ra8 26. Bxc5 (26. Nb5 $4 Qxb5 $19 {[%cal Ra8a3]}) 26... dxc5 27. Qxc5 (
27. Nb5 $4 Qxb5 $19) 27... Bf8 $5 {[%csl Ra7,Rc5,Gf8][%cal Gf8c5] Dieser
ruhige Zug ist für Weiß sehr gefährlich.} (27... b6 {[%csl Ra7][%cal Rb6c5]}
28. Rxe7 Qxa4 29. Qd6 Bf8 (29... Rxa7 30. Qb8+ $18 (30. Re8+ $4 {[%cal Re8g8]}
Qxe8 $19)) 30. Nc6 $15) 28. a5 $2 (28. Nb5 Rxa4 $15) 28... e6 {[%csl Ra7][%cal
Rf8c5]} 29. dxe6 Qxe6 {[%csl Ra7,Ga8,Rc5,Re1,Ge6,Gf8] Schwarz hat eienen
Bauern weniger, steht aber viel aktiver.} 30. Qc3 {[%cal Re1e6]} (30. Rxe6 $2
Bxc5 $19 {[%csl Ra7,Re6]}) 30... Qd7 {[%csl Ra7]} (30... Qf5 31. Re5 Bg7 (31...
Qb1+ 32. Re1 Qf5 33. Re5 $11) 32. Rxf5 Bxc3 33. Rc5 Bd2 34. Rd5 $11) 31. Qe3
Bg7 $17 {[%csl Ra7][%cal Rg7d4,Rd4e3,Rd4a7] Wegen der schlechten weißen
Springerstellung hat der Schwarze trotz des Minusbauern die besseren
Aussichten.} 32. Qc5 (32. Qb6 Bd4 33. Qb5 {ist Zugumstellung.}) 32... Bd4 33.
Qb5 {[%cal Rb5d7]} Qd8 {[%csl Ra7]} 34. Kg2 {Leider kann Weiß den Springer a7
nicht retten.} (34. Rd1 Bxf2+ $1 (34... Rxa7 35. Qa4 (35. Qd3 Bxf2+ 36. Kxf2
Qxa5) 35... Bxf2+ 36. Kxf2 Qxa5 $17) 35. Kxf2 Qxd1 $19) 34... Bxa7 35. Qxb7 {
Weiß hat zwei Bauern für die Figur, aber früher oder später wird sich der
schwarze Materialvorteil durchsetzen.} Bc5 36. a6 Ra7 {[%csl Ga7] Alles ist
verteidigt. Weiß hat nur geringe Gegenchancen.} 37. Qc6 Qd6 38. Qc8+ Kg7 39.
Re8 {Auf den ersten Blick und in Anbetracht der Zeitnot hat Weiß
Angriffschancen, aber in Wirklichkeit droht nichts.} Qd5+ 40. Kg1 Qd1+ 41. Kg2
Qd5+ {Die Zugwiederholung dient dem schnelleren Erreichern der Zeitkontrolle.}
42. Kg1 Rd7 $19 {[%csl Rg1] Die Zeitnot ist vorbei und es ist Zeit für Weiß,
die Segel zu streichen. Seine Stellung ist hoffnungslos.} (42... Rd7 43. Re1 (
43. Rg8+ Kh6 $19) 43... Qd4 44. Rf1 Ra7 $19 {[%csl Ra6]}) 0-1

[Event "NED-ch53"]
[Site "Rotterdam"]
[Date "1998.07.03"]
[Round "11"]
[White "Sosonko, Gennadi"]
[Black "Timman, Jan H"]
[Result "0-1"]
[WhiteElo "2520"]
[BlackElo "2635"]
[Annotator "Huebner,R"]
[PlyCount "80"]
[EventDate "1998.06.21"]
[EventType "tourn"]
[EventRounds "11"]
[EventCountry "NED"]
[EventCategory "12"]
[SourceTitle "CBM 066"]
[Source "ChessBase"]
[SourceDate "1998.09.30"]
[SourceVersion "1"]
[SourceVersionDate "1998.09.30"]
[SourceQuality "1"]

1. d4 {Avrukh,B} d5 2. Nf3 Nf6 3. g3 Bf5 4. c4 c6 5. Nc3 e6 6. Bg2 Nbd7 7. Nh4
(7. Qb3 $5 {Avrukh,B} Qb6 (7... Qc8 8. O-O Bd6 9. Nd2 O-O 10. e4 dxe4 11. Ndxe4
Bc7 12. Re1 Nxe4 $11 {De Fotis,G-McCambridge,V/Chicago op 1986 (55)}) 8. c5 Qc7
9. Bf4 Qc8 10. Nh4 Be7 11. Nxf5 $14 {Podzielny,K-Velikov,P/Tirnavia 1984 (58)})
7... Bg4 (7... Bg6 {Avrukh,B} 8. Nxg6 hxg6 9. cxd5 $6 (9. b3 Be7 10. Bf4 Nh5 $6
11. Be3 g5 12. Qd3 g6 13. Bd2 $14 {Maroto,J-Baches,G/Olot op 1994 (27)}) 9...
exd5 10. Qd3 Be7 11. h4 Nb6 12. Bg5 Nh5 13. g4 Nf6 $132 {Raasch,J-Boetzel,B/
NRW-II 1991 (34)}) 8. h3 (8. Qd3 $5 {Avrukh,B} dxc4 9. Qxc4 e5 10. dxe5 Nxe5
11. Qb3 Qb6 12. Qc2 $14 {Moracchini,F-Geenen,M/It, Clichy FRA 1998 (15)}) 8...
Bh5 9. g4 (9. Qb3 $5 {Avrukh,B} Qb6 10. Qxb6 axb6 11. cxd5 exd5 12. f4 $1 h6
13. g4 Bg6 14. Nxg6 fxg6 15. O-O Bd6 16. e4 $36 {Kluss,K-Pyda,Z/Lublin-B 1993 
(45)}) 9... Bg6 10. Nxg6 hxg6 11. Qb3 $6 {Die Dame steht hier nicht gut.
Besser war meines Erachtens} (11. cxd5 {gefolgt von 12.Lc1-f4.}) 11... Qc7 12.
Bg5 Nb6 {Avrukh: Forcing white to take on d5.} 13. cxd5 exd5 14. Rc1 $6 {
Auch dies scheint mir zweifelhaft, weil es Weiß zur kurzen Rochade zwingt.} (
14. O-O-O {kam in Betracht.}) 14... Qd6 15. e3 Qb4 16. Qc2 $2 {Weiß sollte die
Damen tauschen; danach hat Schwarz nur einen geringen Vorteil.} (16. Qxb4 {
Avrukh,B} Bxb4 17. Ke2 Bxc3 $5 (17... Nc4 18. b3 Nd6 19. f3 Kd7 20. Na4 $14)
18. bxc3 Ne4 19. Bf4 (19. Bxe4 dxe4 20. Rb1 f6 21. Bf4 g5 22. Bg3 O-O-O $11)
19... Na4 20. c4 Nac3+ 21. Ke1 Nxa2 $13) 16... Bd6 17. Bxf6 gxf6 18. O-O Bc7
19. Nxd5 {Das Endspiel, das nun entsteht, ist für Weiß äußerst schwer zu
spielen; er steht am Rande des Verlustes. Ich muß darauf verzichten, nach
Verbesserungsmöglichkeiten in der Verteidigungsführung des Anziehenden zu
suchen. Es wäre die Stellung des Weißen jedoch auch nach} (19. Rfe1 O-O-O 20.
Ne2 Qd6 21. Ng3 Kb8 {höchst unerfreulich; Schwarz kann seinen Angriff am
Königsflügel in aller Ruhe vorbereiten und durchführen, ohne die geringste
Störung befürchten zu müssen.} (21... Nd7 $36 {[%cal Gd7f8,Gf8e6,Ge6g5] Avrukh,
B})) (19. e4 $5 {Avrukh,B} dxe4 20. Qxe4+ Kf8 21. d5 $1 Qd6 22. f4 Re8 23. Qf3
Nxd5 24. Nxd5 cxd5 25. Qxd5 Bb6+ 26. Kh2 (26. Kh1 $2 Qxd5 27. Bxd5 Rxh3+ 28.
Kg2 Rd3 $19) 26... Qxd5 27. Bxd5 Re2+ 28. Kg3 Rxb2 29. Rc8+ Kg7 30. Rxh8 Kxh8
31. Bxf7 Kg7 $15) (19. Ne2 O-O-O 20. Qc5 Qxc5 21. Rxc5 Nc4 22. b3 Nd6 $11)
19... Nxd5 20. Bxd5 Qd6 21. Bxc6+ Kf8 ({Another promising possibility was} 
21... Kd8 $5 22. f4 {Avrukh:} (22. Rfd1 bxc6 23. Qxc6 Qh2+ 24. Kf1 Qxh3+ 25.
Qg2 Qh1+ $1 26. Qxh1 Rxh1+ 27. Ke2 Rxd1 28. Rxd1 Rb8 $19) 22... bxc6 23. Qg2 $1
(23. Qxc6 Qxc6 (23... Rb8 24. Qg2 $1 $13) 24. Rxc6 Rxh3 25. Rfc1 $6 (25. Rxf6
Rb8 26. Rxf7 (26. b3 Rxe3 27. Rxf7 Rb4 28. Rc1 Bb6 $17) 26... Rxb2 27. Re1 Rg3+
28. Kh1 Rxg4 $17) 25... Bb6 26. R1c3 (26. Rxf6 Ke7 $1 27. Rfc6 Rxe3 $19) 26...
Ke7 27. b4 Rg3+ 28. Kf2 Rxg4 29. a4 Rh4 $19 {[%cal Gh4h2,Gh2b2]}) 23... Kd7 24.
Rc4 Bb6 25. Rfc1 Rac8 26. b4 $15) 22. Qc5 ({Also after} 22. f4 {Avrukh,B} bxc6
23. Qxc6 Qxc6 24. Rxc6 Bb6 25. Kg2 Re8 26. Rc3 Rd8 27. Rfc1 Ke7 $15 {black
keeps the advantage.}) 22... bxc6 23. Qxd6+ Bxd6 24. Rxc6 Ke7 {In certain
positions three pawns for a piece is quiet sufficient compensation,but in this
concrete position white's problem is the absence of an active counterplay and
from move to move the presence of the bishop becomes more and more
considerable.} 25. Kg2 a5 26. Rd1 f5 {Preventing white from playing e4.} 27.
gxf5 {Opening another file for a black rooks.} (27. Rdc1 $5 {Avrukh,B}) 27...
gxf5 28. Rh1 Rh4 29. Kf3 a4 {Now when the white is quiet concerned about the
kingside and the center black starts to break on the queenside.} 30. Rb6 a3 31.
Rb7+ Ke6 32. Kg2 axb2 33. Rxb2 Ra3 34. Re1 Re4 {Now white can't prevent f4,
which decides the game.} 35. Ree2 f4 36. Rb3 Rxb3 37. axb3 Kd5 38. Kf3 fxe3 39.
fxe3 Rh4 40. Rf2 f5 0-1

[Event "EU-Cup 14th Group1"]
[Site "Breda"]
[Date "1998.09.18"]
[Round "1"]
[White "Timman, Jan H"]
[Black "Damaso, Rui"]
[Result "1-0"]
[WhiteElo "2655"]
[BlackElo "2430"]
[PlyCount "63"]
[EventDate "1998.09.18"]
[EventType "team-k.o."]
[EventRounds "3"]
[EventCountry "NED"]
[SourceTitle "EXT 2020"]
[Source "ChessBase"]
[SourceDate "2019.10.17"]
[SourceVersion "1"]
[SourceVersionDate "2019.10.17"]
[SourceQuality "1"]
[WhiteTeam "Breda Panfox"]
[BlackTeam "Porto Boavista"]
[WhiteTeamCountry "NED"]
[BlackTeamCountry "POR"]

1. d4 Nf6 2. c4 d6 3. Nc3 g6 4. e4 Bg7 5. f4 c5 6. dxc5 Qa5 7. Bd3 Nfd7 8. Bd2
Nxc5 9. Bc2 Nc6 10. Nd5 Qd8 11. Bc3 Bxc3+ 12. Nxc3 Be6 13. b3 Qa5 14. Nge2 Nb4
15. O-O f5 16. Bb1 fxe4 17. Nxe4 O-O-O 18. a3 Qb6 19. Nf2 Nc6 20. b4 Nd7 21.
Ba2 Qe3 22. Re1 Qxa3 23. Nd4 Nxd4 24. Qxd4 Bf5 25. g4 Bc2 26. Qd2 Rhf8 27. c5
dxc5 28. Qxc2 Rxf4 29. Bd5 Qxb4 30. Reb1 Qd4 31. Bxb7+ Kc7 32. Bg2 1-0

[Event "Olympiad-33"]
[Site "Elista"]
[Date "1998.10.07"]
[Round "9.1"]
[White "Timman, Jan H"]
[Black "Lalic, Bogdan"]
[Result "1-0"]
[WhiteElo "2655"]
[BlackElo "2560"]
[Annotator "Huebner,R"]
[PlyCount "123"]
[EventDate "1998.09.29"]
[EventType "team-swiss"]
[EventRounds "13"]
[EventCountry "RUS"]
[SourceTitle "CBM 068"]
[Source "ChessBase"]
[SourceDate "1999.02.01"]
[SourceVersion "1"]
[SourceVersionDate "1999.02.01"]
[SourceQuality "1"]
[WhiteTeam "Netherlands"]
[BlackTeam "Croatia"]
[WhiteTeamCountry "NED"]
[BlackTeamCountry "CRO"]

1. d4 d5 2. c4 c6 3. Nf3 dxc4 4. e3 Be6 5. Qc2 b5 6. Ng5 Qc8 7. a4 Bd7 8. b3
cxb3 9. Qxb3 e6 10. Ba3 $6 (10. Bd3 $5) 10... b4 11. Bb2 Nf6 12. Nd2 c5 13. Rc1
Bc6 14. Bb5 $2 (14. dxc5 Nbd7 15. Bxf6 gxf6 (15... Nxf6 16. Qxb4 {gibt dem
Schwarzen kaum genügende Kompensation für den geopferten Bauern.}) 16. Nge4 {
führte zu befriedigendem Spiel.}) 14... a6 $2 ({Nach} 14... Bxb5 15. axb5 Qb7 {
dürfte Schwarz in Vorteil kommen.}) 15. Bxc6+ Qxc6 16. O-O h6 17. Ngf3 Nbd7 18.
e4 {Weiß setzt scharf fort.} (18. dxc5 Bxc5 ({oder} 18... Nxc5 19. Qxb4 Qxa4
20. Qxa4+ Nxa4 21. Bd4) 19. Bxf6 Nxf6 20. Qxb4 {führte zu ungefähr gleichem
Spiel.}) 18... Be7 19. Rfe1 (19. Qxb4 Qxe4 {überläßt dem Schwarzen bequemes
Spiel. Weiß erstrebt die Durchsetzung des Vorstoßes d4-d5.}) 19... O-O 20. d5
exd5 21. exd5 Nxd5 22. Nd4 Qb7 23. Nf5 Bf6 (23... Bg5 24. Bxg7 Bxd2 25. Qg3 Bf4
(25... Kh7 26. Bxf8 $18) 26. Qg4 h5 27. Qxh5 f6 28. Ne7+ {überlebt Schwarz
nicht.}) 24. Ne4 Bxb2 25. Qxb2 N7f6 26. Nxf6+ (26. Nxh6+ gxh6 (26... Kh7 27.
Nxc5 Qc8 (27... Qb6 28. Nf5 $16) 28. Nd3 (28. Ne6 Qxe6 29. Rxe6 fxe6 $19) 28...
Qd7 29. Ne5 $16) 27. Nxf6+ Nxf6 28. Qxf6 Kh7 (28... Rfe8 29. Qxh6 Rxe1+ 30.
Rxe1 Qd5 31. h3 {überlebt Schwarz nicht.}) 29. Rxc5 Rg8 {Schwarz hält sich.})
26... Nxf6 27. Re3 $2 ({Besser war} 27. Nxh6+ Kh7 28. Nf5 Rfe8 29. Rxe8 Nxe8
30. Rxc5 {und die Verteidigungsaufgabe des Schwarzen ist schwer.}) 27... Rfe8
$2 ({Richtig war} 27... Qd7 28. Nxh6+ (28. Nxg7 Qd4 $17) 28... Kh8 29. Rh3 Nh7
{mit Vorteil für Schwarz.}) 28. Nd6 Qd7 29. Nxe8 Rxe8 30. Rxe8+ Qxe8 31. Qc2 a5
32. Qxc5 Qxa4 33. Qe5 Qd7 34. Qxa5 $18 Qd2 35. Qc5 g6 36. Qc2 Qd4 37. h3 Kg7
38. Rd1 Qe5 39. Qc4 Qb2 40. Qd4 Qc2 41. Rd2 Qc1+ 42. Kh2 Qc3 43. Qxc3 bxc3 44.
Rd4 g5 45. Rc4 h5 46. g3 Kg6 47. Rxc3 Nd7 48. Kg2 f6 49. Kf3 Kf5 50. Ke3 g4 51.
hxg4+ hxg4 52. Rc7 Ne5 53. Rc5 Ke6 54. Rb5 Kf5 55. Kd4 Ke6 56. Ke4 f5+ 57. Kf4
Nd3+ 58. Ke3 Ne5 59. Rb6+ Ke7 60. Kf4 Nd3+ 61. Kxf5 Nxf2 62. Rb7+ 1-0

[Event "Lost Boys"]
[Site "Amsterdam"]
[Date "1999.08.19"]
[Round "6"]
[White "Timman, Jan H"]
[Black "Ljubojevic, Ljubomir"]
[Result "1-0"]
[WhiteElo "2650"]
[BlackElo "2570"]
[Annotator "Psakhis,L"]
[PlyCount "69"]
[EventDate "1999.08.13"]
[EventType "tourn"]
[EventRounds "7"]
[EventCountry "NED"]
[EventCategory "14"]
[SourceTitle "CBM 073"]
[Source "ChessBase"]
[SourceDate "1999.12.01"]
[SourceVersion "1"]
[SourceVersionDate "1999.12.01"]
[SourceQuality "1"]

1. e4 c5 2. Nf3 e6 3. c3 d5 4. e5 Bd7 5. d4 Nc6 6. Be2 Nge7 7. O-O Ng6 ({
Black could play also} 7... cxd4 8. cxd4 Nf5 {but after} 9. Nc3 Be7 10. g4 $1
Nh4 11. Nxh4 Bxh4 12. Be3 O-O 13. f4 {white,s advantage is obvious}) 8. g3 $1 {
[%cal Gh2h4]} Be7 9. h4 O-O 10. h5 Nh8 {[%csl Rh8][%cal Gf7f6,Gh8f7] Knight,s
position on h8 is really starnge, but Black hopes to bring him back to the
game after f6 and  Nf7} 11. dxc5 (11. h6 g6 12. dxc5 f6 13. exf6 Bxc5 14. Bg5
Nf7 15. Bh4 Qc7 16. Qd2 Nce5 17. Nxe5 Qxe5 18. Kh2 Rae8 19. Na3 Bxa3 20. bxa3
Bc6 $13 {1/2-1/2 Timman,J-Nikolic,P/Amsterdam Lost Boys 1999 (41)}) 11... Bxc5
(11... f6 $6 12. exf6 Bxf6 13. c4 $1 d4 14. Bd3 Nf7 15. Nbd2 e5 16. Qe2 $16 {
1-0 Zude,A-Ellers,H/BL 1997 (27)}) 12. c4 {[%cal Gb1c3]} f6 $1 13. h6 g6 14.
cxd5 Nxe5 15. Qb3 $5 $146 {Possible improvment compare to} (15. Nxe5 fxe5 16.
Bc4 Qb6 17. dxe6 $6 {and now Black could seized initiative after} (17. Qe2 $5
$13) 17... Bxf2+ $1 (17... Bxe6 18. Bxe6+ Qxe6 19. Nc3 Nf7 $11 {1-0
Keitlinghaus,L-Kummerow/Recklinghausen 1997}) 18. Kg2 Bc6+ 19. Kh2 Rf3 20. e7+
Nf7 $17) 15... Nxf3+ (15... Qc7 16. dxe6 Nxf3+ 17. Qxf3 (17. Bxf3 $2 Qxg3+)
17... Bxe6 18. Nc3 $36) 16. Bxf3 e5 {[%cal Gh8f7,Gf7d6]} 17. Nc3 Nf7 {Black
position will be perfect, if knight will come to d6, but..} 18. d6 Kh8 (18...
Bc6 19. Bxc6 bxc6 20. Ne4 Bd4 (20... Bxd6 $2 21. Rd1 $16 {[%csl Gb3,Gd1,Rd6,
Ge4,Rf6,Rf7]}) 21. Qe6 $36) 19. Qxb7 Rb8 ({Stronger was} 19... Rc8 $1 {with
good game after} 20. Ne4 (20. Rd1 Nxd6 21. Qd5 Qb6) 20... Bc6 $13) 20. Qc7 Bxd6
$6 {Maybe it was the last moment when Ljubojevic could get even game, but
instead of taking pawn he had to play} (20... Bb6 21. Qxd8 Rfxd8 22. Rd1 Bd4 {
with complicated position.}) 21. Qxa7 Qe7 22. Rd1 f5 23. Be3 $1 (23. Nd5 $5)
23... f4 (23... Rxb2 24. Rxd6 $1 Nxd6 25. Rd1 {[%csl Rd6,Rd7][%cal Re3c5,Ra7a3]
}) 24. gxf4 Rxb2 ({After} 24... exf4 25. Bd4+ Be5 {Black lose immediately} (
25... Ne5 26. Bxe5+ Qxe5 27. Rd5 $1 $18) 26. Bg4 Rbd8 27. Bxd7 Rxd7 28. Qxd7 $1
Qxd7 29. Bxe5+ Nxe5 30. Rxd7 Nxd7 31. b4 $18 {[%csl Ga2,Gb4] and white must
win without any problems.}) 25. Rxd6 $1 {Decisive blow!} Nxd6 (25... Qxd6 26.
Rd1 Qb4 27. Rxd7 $18) 26. Rd1 {[%cal Re3c5]} Rf7 $8 (26... Rc2 27. Ne4 $5 exf4
28. Bc5 $18) 27. fxe5 (27. Bc5 $5) 27... Ne8 (27... Nc8 28. Qc7 $1 $18) (27...
Rxf3 28. exd6 Qf7 (28... Qxe3 29. Qa8+ $18 (29. fxe3 $4 Rg3+ 30. Kh1 (30. Kf1
$2 Bh3+ 31. Ke1 Rg1#) 30... Rh3+ $11)) 29. Qd4+ Kg8 30. Nd5 $18) 28. Nd5 $18
Qe6 ({Or} 28... Qf8 29. Qd4) 29. Nf4 Rxf4 (29... Rxa2 30. Qd4 Rxf4 31. Qxf4 $18
{[%cal Rf4f8,Rf3d5]}) 30. Bxf4 Bc6 31. Rd8 $1 {All game Timman plays with
great energy!} Rb7 (31... Bxf3 $2 32. Qg7#) 32. Bxc6 Rxa7 (32... Qg4+ 33. Bg3)
33. Rxe8+ Qxe8 34. Bxe8 Rxa2 35. e6 1-0